Normal view
MARC view
- INSTRUMENTATION CONTROL
Entry Topical Term
001 - CONTROL NUMBER
- control field: 64621
003 - CONTROL NUMBER IDENTIFIER
- control field: NUST
005 - DATE AND TIME OF LATEST TRANSACTION
- control field: 20210628203316.0
008 - FIXED-LENGTH DATA ELEMENTS
- fixed length control field: 210628|| aca||aabn | a|a d
040 ## - CATALOGING SOURCE
- Original cataloging agency: NUST
- Transcribing agency: NUST
150 ## - HEADING--TOPICAL TERM
- Topical term or geographic name entry element: INSTRUMENTATION CONTROL
670 ## - SOURCE DATA FOUND
- Source citation: Work cat.: (NUST): Singh, S.K 26381, Industrial instrumentation and control, 2002
